| 000 | 02158nam0a2200421 4500 | ||
|---|---|---|---|
| 001 | RU\NLR\BIBL_A\012827355 | ||
| 005 | 20250624173305.0 | ||
| 010 | _a978-5-98124-803-0 | ||
| 021 |
_aRU _b2022-19179 _9КН-П-1641 |
||
| 035 | _a(RuMoRGB)011020982 | ||
| 035 | _a(NLR Aleph) 012827355 | ||
| 090 |
_a12343973 _c12343973 |
||
| 100 | _a20220623d2021 |||y0rusy50 ca | ||
| 101 | 1 |
_arus _ceng |
|
| 102 | _aRU | ||
| 105 | _aa z 000zy | ||
| 181 | 0 |
_ai3 _baxxe |
|
| 182 | 0 | _an | |
| 200 | 1 |
_aНачни худеть сейчас _eс аудиокурсом гипнотерапии _eновая, дополненная и переработанная версия популярного метода похудения от автора бестселлера "Легкий способ бросить курить" _eперевод с английского _fАллен Карр |
|
| 203 |
_aТекст _bвизуальный _cнепосредственный |
||
| 210 |
_aМосква _cДобрая книга _d2021 (макет 2022) |
||
| 215 |
_a217 с. _cил., табл. _d20 |
||
| 300 | _aЗагл. и авт. также на англ. яз.: Lose weight now / Allen Carr | ||
| 300 | _aДоп. информ. в ссылках QR-кода кн. | ||
| 330 | _a"Начни худеть сейчас" - новая, дополненная, переработанная и усовершенствованная версия популярного метода похудения Аллена Карра, автора бестеллеров "Легкий способ бросить курить" и "Легкий способ сбросить вес" | ||
| 333 | _a16+ | ||
| 517 | 1 |
_6z44790 _aLose weight now _zeng |
|
| 606 | 1 |
_aВес тела _xРегулирование _92345830 _3RU\NLR\AUTH\661401856 |
|
| 675 |
_a159.9 _v4 |
||
| 686 | 1 | _aР123.0 | |
| 686 | 1 | _aР120.4 | |
| 700 | 1 |
_aКарр _bА. _f1934-2006 _gАллен |
|
| 790 | 1 |
_6z44517 _aCarr _bA. _f1934-2006 _gAllen |
|
| 942 | _cBOOK | ||
| 980 | _aNB | ||